00529nam a2200181 a 450000100060000000300090000600800410001502000180005604000280007408200170010210000240011924500790014326000270022230000100024965000340025965000250029365000290031823944CO-ViMGA141112s2004 ck r 000 u spa d a9789586827508 aCO-ViMGAbspacCO-ViMGA04a658.404 P7691 aMurcia, Jairo Dario10aProyectos : bFormulacion y criterios de evaluacion / cJairo Dario Murcia aMéxico : bAlfaomega a492p.14aADMINISTRACION DE PROYECTOS 14aCONTROL DE PROYECTOS14aEVALUACION DE PROYECTOS